A tudatos fejlődés lehetséges útjai

Közel tíz éve ismerkedünk az önszabályozott tanulás jelenségkörével D. Molnár Éva tanulmányain keresztül, de most végre könyv formájában is olvashatjuk izgalmas bevezetését a tudatos fejlődés birodalmába, azaz az önszabályozott tanulás szakirodalmának útvesztőibe. Szerencsére saját kutatási tapaszta...

Teljes leírás

Elmentve itt :
Bibliográfiai részletek
Szerző: Kovács Zsuzsa
Dokumentumtípus: Cikk
Megjelent: 2014
Sorozat:Iskolakultúra 24 No. 6
Online Access:http://misc.bibl.u-szeged.hu/41822
LEADER 01035nab a2200181 i 4500
001 misc41822
005 20191106140504.0
008 180706s2014 hu o 0|| zxx d
022 |a 1215-5233 
040 |a SZTE Miscellanea Repozitórium  |b hun 
041 |a zxx 
100 1 |a Kovács Zsuzsa 
245 1 2 |a A tudatos fejlődés lehetséges útjai  |h [elektronikus dokumentum] /  |c  Kovács Zsuzsa 
260 |c 2014 
300 |a 111-113 
490 0 |a Iskolakultúra  |v 24 No. 6 
520 3 |a Közel tíz éve ismerkedünk az önszabályozott tanulás jelenségkörével D. Molnár Éva tanulmányain keresztül, de most végre könyv formájában is olvashatjuk izgalmas bevezetését a tudatos fejlődés birodalmába, azaz az önszabályozott tanulás szakirodalmának útvesztőibe. Szerencsére saját kutatási tapasztalatain keresztül biztos utakon, határozott irányítással vezet el bennünket a témáról kialakuló biztos tudásig. 
856 4 0 |u http://misc.bibl.u-szeged.hu/41822/1/EPA00011_iskolakultura_2014_06_111-113.pdf  |z Dokumentum-elérés